|
|
|
|
| LEADER |
00000nam0a2200000 4500 |
| 001 |
365141 |
| 005 |
20231102011745.0 |
| 035 |
|
|
|a (RuTPU)RU\TPU\retro\22504
|
| 090 |
|
|
|a 365141
|
| 100 |
|
|
|a 20211215d1980 km y0rusy50 ca
|
| 101 |
0 |
|
|a rus
|
| 102 |
|
|
|a RU
|
| 105 |
|
|
|a a z 001zy
|
| 200 |
1 |
|
|a Общие вопросы магматизма Урала
|e сборник
|f Академия наук СССР, Уральский научный центр
|
| 210 |
|
|
|a Свердловск
|c [Б. и.]
|d 1980
|
| 215 |
|
|
|a 184 с.
|c ил.
|
| 320 |
|
|
|a Библиография в конце статей
|
| 606 |
1 |
|
|a Магматизм
|2 stltpush
|3 (RuTPU)RU\TPU\subj\40702
|9 60544
|
| 610 |
1 |
|
|a Урал
|
| 610 |
1 |
|
|a многолетние исследования
|
| 610 |
1 |
|
|a глубинное строение
|
| 610 |
1 |
|
|a метаморфизм
|
| 610 |
1 |
|
|a эволюция
|
| 610 |
1 |
|
|a Уральская геосинклиналь
|
| 610 |
1 |
|
|a ультрабазиты
|
| 610 |
1 |
|
|a базиты
|
| 610 |
1 |
|
|a металлогения
|
| 610 |
1 |
|
|a информационные материалы
|
| 675 |
|
|
|a 552.11
|v 4
|
| 712 |
0 |
2 |
|a Академия наук СССР
|b Уральский научный центр
|2 stltpush
|3 (RuTPU)RU\TPU\col\3284
|9 23807
|
| 801 |
|
1 |
|a RU
|b 63413507
|c 20211215
|
| 942 |
|
|
|c BK
|